| 000 | 00643nam a22001815i 4500 | ||
|---|---|---|---|
| 001 | 164781 | ||
| 003 | ES-MaACL | ||
| 005 | 20250925063046.0 | ||
| 008 | 950206s1896 sp |||| | spa d | ||
| 040 | _aCLM | ||
| 100 | 1 |
_aSanz y Escartín, Eduardo, _d1855-1939 _9103695 |
|
| 245 | 1 | 3 |
_aEl individuo y la reforma social / _cpor Eduardo Sanz y Escartín. |
| 260 |
_aMadrid : _b[s.n.], _c1896 ( _fImp., Fund. y Fáb. de tintas de las Hijas de J.A. García) |
||
| 300 |
_a448 p. ; _c22 cm. |
||
| 650 | 4 |
_aEspaña- _xPolítica social- _yS.XIX. _9224067 |
|
| 852 |
_aES-MaACL _jF-11117 _z-- Enc. pasta española |
||
| 999 |
_c164781 _d164781 |
||